|
|
|
|
| LEADER |
00962nam a2200253 a 4500 |
| 001 |
4191 |
| 003 |
BD-DhAAL |
| 008 |
090503s1988 enk b 000 0 eng d |
| 999 |
|
|
|c 350
|d 350
|
| 020 |
|
|
|a 0709950535 (pbk.)
|
| 040 |
|
|
|a NLM
|c NLM
|d EQF
|d BD-DhAAL
|
| 082 |
0 |
0 |
|a 616.89
|
| 100 |
1 |
|
|a Button, Eric,
|d 1948-
|9 41719
|
| 245 |
1 |
0 |
|a Psychological problems in primary health care /
|c Eric Button.
|
| 260 |
|
|
|a London :
|b C. Helm,
|c c1988.
|
| 300 |
|
|
|a 209 pages
|
| 490 |
0 |
|
|a Psychology and medicine series.
|
| 504 |
|
|
|a Includes bibliographical references (pages 202-206) and index.
|
| 541 |
1 |
|
|e 4191
|
| 650 |
|
2 |
|a Mental Disorders.
|9 41720
|
| 650 |
|
2 |
|a Primary Health Care.
|9 41721
|
| 852 |
|
|
|a Ayesha Abed Library
|c General Stacks
|
| 942 |
|
|
|2 ddc
|c BK
|
| 952 |
|
|
|0 0
|1 0
|2 ddc
|4 0
|6 616_890000000000000_BUT_1988
|7 0
|9 316
|a BRACUL
|b BRACUL
|c GEN
|d 2009-05-04
|g 0.00
|l 8
|m 19
|o 616.89 BUT
|p 3010004191
|r 2026-04-19
|s 2026-04-10
|t 1
|w 2009-05-04
|y BK
|x No price found in the accession register.
|